El Deterioro de la condición social de los costarricenses . Diagnóstico y lineamientos globales de política social en el marco del plan nacional de desarrollo 1982 85 Volvamos a la Tierra

Guardado en:
Bibliografiske detaljer
Institution som forfatter: Costa Rica. Ministerio de Planificación Nacional y Política Económica. División de Planificación Global
Format: Texto
Udgivet: San José: MIDEPLAN
Fag:
Tags: Tilføj Tag
Ingen Tags, Vær først til at tagge denne postø!

MARC

LEADER 00000 a a2200000 04500
001 28869
003
040 |a CRAI/IIS  |c CRAI/IIS 
090 |a 190100  
110 |a Costa Rica. Ministerio de Planificación Nacional y Política Económica. División de Planificación Global  
245 |a El Deterioro de la condición social de los costarricenses . Diagnóstico y lineamientos globales de política social en el marco del plan nacional de desarrollo 1982 85 Volvamos a la Tierra  
260 |a San José:   |b MIDEPLAN  
300 |a 139 p  
650 |a POBREZA  
650 |a ESTIMACION DE NECESIDADES  
650 |a CLASIFICACION DE EMPLEOS  
650 |a NUTRICION HUMANA  
650 |a POLITICA SOCIAL  
650 |a INGRESO  
650 |a EMPLEO  
650 |a ESTADISTICAS DE LA EDUCACION  
650 |a ESTADISTICAS DE VIVIENDA  
999 |c 6227  |d 6227